| 000 | 00805nam a22002297a 4500 | ||
|---|---|---|---|
| 003 | OSt | ||
| 005 | 20251205035343.0 | ||
| 008 | 251205b |||||||| |||| 00| 0 eng d | ||
| 020 | _a 978-971-27-2525-8. | ||
| 040 |
_aDWCL-Admin lib _cOC |
||
| 082 | _aFil. 324.9599048 V713n 2011 | ||
| 100 | _aVillacorta, Wilfrido V. | ||
| 245 |
_a Noynoy : _btriumphs of a people's campaign / _c Wilfrido V. Villacorta |
||
| 260 |
_a Mandaluyong City : _bAnvil Pub. , Inc. , _cc2011 |
||
| 300 |
_avi, 115 p. : _bill. ; _cill. ; |
||
| 504 | _aIncludes bibliographical references. | ||
| 650 | _a1. Aquino, Benigno Simeon III | ||
| 650 | _a2. Philippines-Politics and government. | ||
| 650 | _a3. Political campaigns-Philippines. | ||
| 650 | _a4.Politics & Practical Philippines. | ||
| 942 |
_2ddc _cBK - FIL _kFil. _n0 |
||
| 999 |
_c6925 _d6925 |
||